<?xml version="1.0" encoding="UTF-8"?>
<record
    xmlns:xsi="http://www.w3.org/2001/XMLSchema-instance"
    xsi:schemaLocation="http://www.loc.gov/MARC21/slim http://www.loc.gov/standards/marcxml/schema/MARC21slim.xsd"
    xmlns="http://www.loc.gov/MARC21/slim">

  <leader>00775nam a22002417a 4500</leader>
  <controlfield tag="005">20140821120825.0</controlfield>
  <datafield tag="010" ind1=" " ind2=" ">
    <subfield code="a">B-496916-942    ENG-110561</subfield>
  </datafield>
  <datafield tag="020" ind1=" " ind2=" ">
    <subfield code="a">9788172747473</subfield>
    <subfield code="c">430.00</subfield>
  </datafield>
  <datafield tag="035" ind1=" " ind2=" ">
    <subfield code="a">B-496916-942</subfield>
  </datafield>
  <datafield tag="035" ind1=" " ind2=" ">
    <subfield code="a">EN-94093</subfield>
  </datafield>
  <datafield tag="037" ind1=" " ind2=" ">
    <subfield code="b">UBH/Ven</subfield>
  </datafield>
  <datafield tag="037" ind1=" " ind2=" ">
    <subfield code="b">DBAD/PUB</subfield>
  </datafield>
  <datafield tag="082" ind1=" " ind2=" ">
    <subfield code="a">690</subfield>
  </datafield>
  <datafield tag="100" ind1=" " ind2=" ">
    <subfield code="a">Gupta, M.K.</subfield>
  </datafield>
  <datafield tag="245" ind1=" " ind2=" ">
    <subfield code="a">Nabhi's practicals handbook on building construction /</subfield>
    <subfield code="c">by M.K.Gupta</subfield>
  </datafield>
  <datafield tag="250" ind1=" " ind2=" ">
    <subfield code="a">7th rev. ed.</subfield>
  </datafield>
  <datafield tag="260" ind1=" " ind2=" ">
    <subfield code="a">New Delhi</subfield>
    <subfield code="b">Nabhi Publications</subfield>
    <subfield code="c">2012(repr.)</subfield>
  </datafield>
  <datafield tag="270" ind1=" " ind2=" ">
    <subfield code="a">P.O. Box No. 37</subfield>
    <subfield code="b">New Delhi</subfield>
    <subfield code="e">110001</subfield>
  </datafield>
  <datafield tag="300" ind1=" " ind2=" ">
    <subfield code="a">xxix,1040p. :</subfield>
    <subfield code="b">ill.</subfield>
    <subfield code="c">23cm(pbk)</subfield>
  </datafield>
  <datafield tag="500" ind1=" " ind2=" ">
    <subfield code="a">Includes index</subfield>
  </datafield>
  <datafield tag="942" ind1=" " ind2=" ">
    <subfield code="2">ddc</subfield>
    <subfield code="c">EN</subfield>
    <subfield code="h">690</subfield>
    <subfield code="m">GUP</subfield>
  </datafield>
  <datafield tag="999" ind1=" " ind2=" ">
    <subfield code="c">74374</subfield>
    <subfield code="d">74374</subfield>
  </datafield>
  <datafield tag="952" ind1=" " ind2=" ">
    <subfield code="0">0</subfield>
    <subfield code="1">0</subfield>
    <subfield code="4">0</subfield>
    <subfield code="7">0</subfield>
    <subfield code="8">NFIC</subfield>
    <subfield code="a">L</subfield>
    <subfield code="b">L</subfield>
    <subfield code="d">2013-04-30</subfield>
    <subfield code="e">UBH/276/11.03.2013/180/08.03.2013/15.03.2013</subfield>
    <subfield code="g">430.00</subfield>
    <subfield code="l">0</subfield>
    <subfield code="o">690 GUP</subfield>
    <subfield code="p">B-496926</subfield>
    <subfield code="r">2018-07-21 00:00:00</subfield>
    <subfield code="t">1</subfield>
    <subfield code="v">430.00</subfield>
    <subfield code="w">2013-04-30</subfield>
    <subfield code="y">EN</subfield>
    <subfield code="z">Legal Case (Register 2018)</subfield>
  </datafield>
  <datafield tag="952" ind1=" " ind2=" ">
    <subfield code="0">0</subfield>
    <subfield code="1">0</subfield>
    <subfield code="4">0</subfield>
    <subfield code="7">0</subfield>
    <subfield code="8">NFIC</subfield>
    <subfield code="a">BL1</subfield>
    <subfield code="b">BL1</subfield>
    <subfield code="d">2013-04-30</subfield>
    <subfield code="e">UBH/276/11.03.2013/180/08.03.2013/15.03.2013</subfield>
    <subfield code="g">430.00</subfield>
    <subfield code="l">1</subfield>
    <subfield code="m">1</subfield>
    <subfield code="o">690 GUP</subfield>
    <subfield code="p">B-496927</subfield>
    <subfield code="r">2021-11-12 00:00:00</subfield>
    <subfield code="s">2019-12-19</subfield>
    <subfield code="t">1</subfield>
    <subfield code="v">430.00</subfield>
    <subfield code="y">EN</subfield>
  </datafield>
  <datafield tag="952" ind1=" " ind2=" ">
    <subfield code="0">0</subfield>
    <subfield code="1">0</subfield>
    <subfield code="4">0</subfield>
    <subfield code="7">0</subfield>
    <subfield code="8">NFIC</subfield>
    <subfield code="a">KGM</subfield>
    <subfield code="b">KGM</subfield>
    <subfield code="d">2013-04-30</subfield>
    <subfield code="e">UBH/276/11.03.2013/180/08.03.2013/15.03.2013</subfield>
    <subfield code="g">430.00</subfield>
    <subfield code="l">0</subfield>
    <subfield code="o">690 GUP</subfield>
    <subfield code="p">B-496928</subfield>
    <subfield code="r">2013-04-30 00:00:00</subfield>
    <subfield code="t">1</subfield>
    <subfield code="v">430.00</subfield>
    <subfield code="y">EN</subfield>
  </datafield>
  <datafield tag="952" ind1=" " ind2=" ">
    <subfield code="0">0</subfield>
    <subfield code="1">0</subfield>
    <subfield code="4">0</subfield>
    <subfield code="7">0</subfield>
    <subfield code="8">NFIC</subfield>
    <subfield code="a">PR</subfield>
    <subfield code="b">PR</subfield>
    <subfield code="d">2013-04-30</subfield>
    <subfield code="e">UBH/276/11.03.2013/180/08.03.2013/15.03.2013</subfield>
    <subfield code="g">430.00</subfield>
    <subfield code="l">0</subfield>
    <subfield code="o">690 GUP</subfield>
    <subfield code="p">B-496929</subfield>
    <subfield code="r">2013-04-30 00:00:00</subfield>
    <subfield code="t">1</subfield>
    <subfield code="v">430.00</subfield>
    <subfield code="y">EN</subfield>
  </datafield>
  <datafield tag="952" ind1=" " ind2=" ">
    <subfield code="0">0</subfield>
    <subfield code="1">0</subfield>
    <subfield code="4">0</subfield>
    <subfield code="7">0</subfield>
    <subfield code="8">NFIC</subfield>
    <subfield code="a">TN</subfield>
    <subfield code="b">TN</subfield>
    <subfield code="d">2013-04-30</subfield>
    <subfield code="e">UBH/276/11.03.2013/180/08.03.2013/15.03.2013</subfield>
    <subfield code="g">430.00</subfield>
    <subfield code="l">0</subfield>
    <subfield code="o">690 GUP</subfield>
    <subfield code="p">B-496930</subfield>
    <subfield code="r">2013-04-30 00:00:00</subfield>
    <subfield code="t">1</subfield>
    <subfield code="v">430.00</subfield>
    <subfield code="y">EN</subfield>
  </datafield>
  <datafield tag="952" ind1=" " ind2=" ">
    <subfield code="0">0</subfield>
    <subfield code="1">0</subfield>
    <subfield code="4">0</subfield>
    <subfield code="7">0</subfield>
    <subfield code="8">NFIC</subfield>
    <subfield code="a">CJ</subfield>
    <subfield code="b">CJ</subfield>
    <subfield code="d">2013-04-30</subfield>
    <subfield code="e">UBH/276/11.03.2013/180/08.03.2013/15.03.2013</subfield>
    <subfield code="g">430.00</subfield>
    <subfield code="l">0</subfield>
    <subfield code="o">690 GUP</subfield>
    <subfield code="p">B-496931</subfield>
    <subfield code="r">2013-04-30 00:00:00</subfield>
    <subfield code="t">1</subfield>
    <subfield code="v">430.00</subfield>
    <subfield code="y">EN</subfield>
  </datafield>
  <datafield tag="952" ind1=" " ind2=" ">
    <subfield code="0">0</subfield>
    <subfield code="1">0</subfield>
    <subfield code="4">0</subfield>
    <subfield code="7">0</subfield>
    <subfield code="8">NFIC</subfield>
    <subfield code="a">DIZ</subfield>
    <subfield code="b">DIZ</subfield>
    <subfield code="d">2013-04-30</subfield>
    <subfield code="e">UBH/276/11.03.2013/180/08.03.2013/15.03.2013</subfield>
    <subfield code="g">430.00</subfield>
    <subfield code="l">0</subfield>
    <subfield code="o">690 GUP</subfield>
    <subfield code="p">B-496932</subfield>
    <subfield code="r">2013-04-30 00:00:00</subfield>
    <subfield code="t">1</subfield>
    <subfield code="v">430.00</subfield>
    <subfield code="y">EN</subfield>
  </datafield>
  <datafield tag="952" ind1=" " ind2=" ">
    <subfield code="0">0</subfield>
    <subfield code="1">3</subfield>
    <subfield code="4">0</subfield>
    <subfield code="7">0</subfield>
    <subfield code="8">NFIC</subfield>
    <subfield code="a">BL1</subfield>
    <subfield code="b">BL1</subfield>
    <subfield code="d">2013-04-30</subfield>
    <subfield code="e">UBH/276/11.03.2013/180/08.03.2013/15.03.2013</subfield>
    <subfield code="g">430.00</subfield>
    <subfield code="l">2</subfield>
    <subfield code="o">690 GUP</subfield>
    <subfield code="p">B-496933</subfield>
    <subfield code="r">2021-02-02 00:00:00</subfield>
    <subfield code="s">2019-07-15</subfield>
    <subfield code="t">1</subfield>
    <subfield code="v">430.00</subfield>
    <subfield code="y">EN</subfield>
  </datafield>
  <datafield tag="952" ind1=" " ind2=" ">
    <subfield code="0">0</subfield>
    <subfield code="1">0</subfield>
    <subfield code="4">0</subfield>
    <subfield code="7">0</subfield>
    <subfield code="8">NFIC</subfield>
    <subfield code="a">JP</subfield>
    <subfield code="b">JP</subfield>
    <subfield code="d">2013-04-30</subfield>
    <subfield code="e">UBH/276/11.03.2013/180/08.03.2013/15.03.2013</subfield>
    <subfield code="g">430.00</subfield>
    <subfield code="l">12</subfield>
    <subfield code="m">2</subfield>
    <subfield code="o">690 GUP</subfield>
    <subfield code="p">B-496934</subfield>
    <subfield code="r">2019-11-08 00:00:00</subfield>
    <subfield code="s">2019-10-31</subfield>
    <subfield code="t">1</subfield>
    <subfield code="v">430.00</subfield>
    <subfield code="y">EN</subfield>
  </datafield>
  <datafield tag="952" ind1=" " ind2=" ">
    <subfield code="0">0</subfield>
    <subfield code="1">0</subfield>
    <subfield code="4">0</subfield>
    <subfield code="7">0</subfield>
    <subfield code="8">NFIC</subfield>
    <subfield code="a">ZLS</subfield>
    <subfield code="b">ZLS</subfield>
    <subfield code="d">2013-04-30</subfield>
    <subfield code="e">UBH/276/11.03.2013/180/08.03.2013/15.03.2013</subfield>
    <subfield code="g">430.00</subfield>
    <subfield code="l">4</subfield>
    <subfield code="o">690 GUP</subfield>
    <subfield code="p">B-496935</subfield>
    <subfield code="r">2019-12-28 00:00:00</subfield>
    <subfield code="s">2019-12-14</subfield>
    <subfield code="t">2</subfield>
    <subfield code="v">430.00</subfield>
    <subfield code="y">EN</subfield>
  </datafield>
  <datafield tag="952" ind1=" " ind2=" ">
    <subfield code="0">0</subfield>
    <subfield code="1">0</subfield>
    <subfield code="4">0</subfield>
    <subfield code="7">0</subfield>
    <subfield code="8">NFIC</subfield>
    <subfield code="a">ZLS</subfield>
    <subfield code="b">ZLS</subfield>
    <subfield code="d">2013-04-30</subfield>
    <subfield code="e">UBH/276/11.03.2013/180/08.03.2013/15.03.2013</subfield>
    <subfield code="g">430.00</subfield>
    <subfield code="l">0</subfield>
    <subfield code="o">690 GUP</subfield>
    <subfield code="p">B-496936</subfield>
    <subfield code="r">2013-04-30 00:00:00</subfield>
    <subfield code="t">2</subfield>
    <subfield code="v">430.00</subfield>
    <subfield code="y">EN</subfield>
  </datafield>
  <datafield tag="952" ind1=" " ind2=" ">
    <subfield code="0">0</subfield>
    <subfield code="1">0</subfield>
    <subfield code="4">0</subfield>
    <subfield code="7">0</subfield>
    <subfield code="8">NFIC</subfield>
    <subfield code="a">BN</subfield>
    <subfield code="b">BN</subfield>
    <subfield code="d">2013-04-30</subfield>
    <subfield code="e">UBH/276/11.03.2013/180/08.03.2013/15.03.2013</subfield>
    <subfield code="g">430.00</subfield>
    <subfield code="l">1</subfield>
    <subfield code="m">1</subfield>
    <subfield code="o">690 GUP</subfield>
    <subfield code="p">B-496937</subfield>
    <subfield code="r">2022-09-12 00:00:00</subfield>
    <subfield code="s">2022-08-16</subfield>
    <subfield code="t">1</subfield>
    <subfield code="v">430.00</subfield>
    <subfield code="y">EN</subfield>
  </datafield>
  <datafield tag="952" ind1=" " ind2=" ">
    <subfield code="0">0</subfield>
    <subfield code="1">0</subfield>
    <subfield code="4">0</subfield>
    <subfield code="7">0</subfield>
    <subfield code="8">NFIC</subfield>
    <subfield code="a">NRR</subfield>
    <subfield code="b">NRR</subfield>
    <subfield code="d">2013-04-30</subfield>
    <subfield code="e">UBH/276/11.03.2013/180/08.03.2013/15.03.2013</subfield>
    <subfield code="g">430.00</subfield>
    <subfield code="l">0</subfield>
    <subfield code="o">690 GUP</subfield>
    <subfield code="p">B-496938</subfield>
    <subfield code="r">2013-04-30 00:00:00</subfield>
    <subfield code="t">1</subfield>
    <subfield code="v">430.00</subfield>
    <subfield code="y">EN</subfield>
  </datafield>
  <datafield tag="952" ind1=" " ind2=" ">
    <subfield code="0">0</subfield>
    <subfield code="1">0</subfield>
    <subfield code="4">0</subfield>
    <subfield code="7">0</subfield>
    <subfield code="8">NFIC</subfield>
    <subfield code="a">BKK</subfield>
    <subfield code="b">BKK</subfield>
    <subfield code="d">2013-04-30</subfield>
    <subfield code="e">UBH/276/11.03.2013/180/08.03.2013/15.03.2013</subfield>
    <subfield code="g">430.00</subfield>
    <subfield code="l">0</subfield>
    <subfield code="o">690 GUP</subfield>
    <subfield code="p">B-496939</subfield>
    <subfield code="r">2013-04-30 00:00:00</subfield>
    <subfield code="t">1</subfield>
    <subfield code="v">430.00</subfield>
    <subfield code="y">EN</subfield>
  </datafield>
  <datafield tag="952" ind1=" " ind2=" ">
    <subfield code="0">0</subfield>
    <subfield code="1">0</subfield>
    <subfield code="4">0</subfield>
    <subfield code="7">0</subfield>
    <subfield code="8">NFIC</subfield>
    <subfield code="a">NR</subfield>
    <subfield code="b">NR</subfield>
    <subfield code="d">2013-04-30</subfield>
    <subfield code="e">UBH/276/11.03.2013/180/08.03.2013/15.03.2013</subfield>
    <subfield code="g">430.00</subfield>
    <subfield code="l">0</subfield>
    <subfield code="o">690 GUP</subfield>
    <subfield code="p">B-496940</subfield>
    <subfield code="r">2013-04-30 00:00:00</subfield>
    <subfield code="t">1</subfield>
    <subfield code="v">430.00</subfield>
    <subfield code="y">EN</subfield>
  </datafield>
  <datafield tag="952" ind1=" " ind2=" ">
    <subfield code="0">0</subfield>
    <subfield code="1">0</subfield>
    <subfield code="4">0</subfield>
    <subfield code="7">0</subfield>
    <subfield code="8">NFIC</subfield>
    <subfield code="a">BN</subfield>
    <subfield code="b">BN</subfield>
    <subfield code="d">2013-04-30</subfield>
    <subfield code="e">UBH/276/11.03.2013/180/08.03.2013/15.03.2013</subfield>
    <subfield code="g">430.00</subfield>
    <subfield code="l">3</subfield>
    <subfield code="m">2</subfield>
    <subfield code="o">690 GUP</subfield>
    <subfield code="p">B-496941</subfield>
    <subfield code="r">2024-08-07 00:00:00</subfield>
    <subfield code="s">2024-07-19</subfield>
    <subfield code="t">1</subfield>
    <subfield code="v">430.00</subfield>
    <subfield code="y">EN</subfield>
  </datafield>
  <datafield tag="952" ind1=" " ind2=" ">
    <subfield code="0">0</subfield>
    <subfield code="1">5</subfield>
    <subfield code="4">0</subfield>
    <subfield code="7">0</subfield>
    <subfield code="8">NFIC</subfield>
    <subfield code="a">BL4</subfield>
    <subfield code="b">BL4</subfield>
    <subfield code="d">2013-04-30</subfield>
    <subfield code="e">UBH/276/11.03.2013/180/08.03.2013/15.03.2013</subfield>
    <subfield code="g">430.00</subfield>
    <subfield code="l">0</subfield>
    <subfield code="o">690 GUP</subfield>
    <subfield code="p">B-496942</subfield>
    <subfield code="r">2013-04-30 00:00:00</subfield>
    <subfield code="t">1</subfield>
    <subfield code="v">430.00</subfield>
    <subfield code="y">EN</subfield>
  </datafield>
  <datafield tag="952" ind1=" " ind2=" ">
    <subfield code="0">0</subfield>
    <subfield code="1">0</subfield>
    <subfield code="4">0</subfield>
    <subfield code="7">1</subfield>
    <subfield code="8">NFIC</subfield>
    <subfield code="a">DBAD</subfield>
    <subfield code="b">DBAD</subfield>
    <subfield code="d">2014-07-28</subfield>
    <subfield code="e">DBAD/PUB</subfield>
    <subfield code="g">430.00</subfield>
    <subfield code="l">0</subfield>
    <subfield code="o">690 GUP</subfield>
    <subfield code="p">EN-94093</subfield>
    <subfield code="r">2014-07-28 00:00:00</subfield>
    <subfield code="t">1</subfield>
    <subfield code="v">430.00</subfield>
    <subfield code="w">2014-07-28</subfield>
    <subfield code="y">EN</subfield>
  </datafield>
</record>
